000 00527cam a22001457a 4500
008 180718b2008 xxu||||| |||| 00| 0 eng d
082 _aAPPPA 2007-08/MEH
100 _aMehrotra, Praveen Kumar
245 _aGenetically modified crops: food security and issues
_cby Praveen Kumar Mehrotra
260 _aNew Delhi
_bIndian Institute of Public Administration
_c2008
300 _a79p.
500 _aAn APPPA M.Phil dissertation, 2007-08 (Guide: Anil C. Ittyerah)
650 _aFood supply - India
650 _aAgriculture - India
999 _c493625
_d493625